01237nam a22002057a 4500003001400000005001700014008004100031040002800072041000800100082001700108245011100125260007000236300002400306504004900330505054100379650002500920650002200945650003100967700003300998KOHA_MİRAKIL20260414090557.0260414b tu ||||| |||| 00| 0 tur d aTR-AnABBbturcTR-AnABB aeng a338.95bREG 00aRegional development problems and policy responses in Five Asian and Pasific Countries /cEd. B. Prantilla aNagoya : bUnited Nations Centre for Regional Development,c1990? a340 sayfa ; c24 cm aKaynakça 331-339 sayfaları arasındadır. aİçindekiler: Regional development problems and policy responses in Five Asian and Pacific Countries - Regional development policiy response in Rapidly Growing Economy: The Case of the Republic of Korea - Regional development policy response on Intercommunal and Interregional Inequality: The Case of Malaysia - Impact of National and Regional Development Policies at The Sub- National Level: The Case of the Philippines - Regional development problems and policy response: The Case of Thailand - Regional planning and policy in Fiji04aBölgesel kalkınma04aEkonomik politika04aBölgesel kalkınma, Asya1 aPrantilla, Ed. B.,eeditör